000 00167nam a2200073Ia 4500
008 170817s9999 xx 000 0 und d
100 _aRAO V.K.
245 0 _aHIGHER EDUCATION
260 _bA. P. H. PUB.
999 _c37682
_d37682